| 000 | 01673 a2200217 4500 | ||
|---|---|---|---|
| 001 | 47197 | ||
| 005 | 20260407155740.0 | ||
| 008 | 260407a2006 arg spa d | ||
| 003 | AR-UNSa-BCEJYS | ||
| 040 |
_aAR-UNSa-BCEJYS _bspa _cAR-UNSa-BCEJYS |
||
| 080 |
_a330 _xEconomía en general |
||
| 245 | 1 | 0 |
_aTeoría de la Relatividad Económica _pSolución a la crisis monetarias |
| 020 | _a987-502-031-1 | ||
| 264 | 1 |
_aBuenos Aires : _bEdición Distal _c2006 |
|
| 300 |
_a492 p. _c24 cm. |
||
| 505 | _aParte I: Ciencia: 1. Conceptos previos -- Parte II: Ciencia Económica: 2. Casualidad económica - 3. Agente económico - 4. Bienes económicos - 5. Intercambio intertemporal - 6. Intercambio interpersonal - 7. Contado. Dinero. Sustitutos del dinero - 8. Crédito. Valor del crédito - 9. El crédito y la liquidez -- Parte III: Corroboración de la teoría económica. La contabilidad: 10. La contabilidad como modelo económico - 11. Contado. Intercambio interpersonal directo - "Trueque" - 12. Crédito. Materialización flexible - Crédito irregular (PM) -- Parte IV: Síntesis, ampliación y comparación de la Teoría de la relatividad económica: 13. Síntesis de la teoría de la relatividad económica - 14. Comparación y ampliación de la teoría - 15. Teoría cuantitativa - 16. Keynes. El pensamiento de Keynes - 17. Hayek -- Parte V: Solución a las crisis monetarias: 18. Diagnóstico de las crisis monetarias - 19. Tratamiento de las crisis monetarias. | ||
| 942 | _cBK | ||
| 590 | _aniveau_biblio:m niveau_hierar:0 | ||
| 100 | 1 | _aBondone, Carlos | |
| 856 | 4 | 1 |
_uhttps://www.biblioeco.unsa.edu.ar/pmb/images/libros/L127428.jpg _yImagen de portada _qimage/jpeg |
| 999 |
_c4316 _d4316 |
||